| 000 | 00373nam a2200121Ia 4500 | ||
|---|---|---|---|
| 008 | 170221s9999 xx 000 0 und d | ||
| 100 | _aJoseph Lam | ||
| 245 | 4 | _aThe Rebuilding of a Life after Jail Time for Fraud | |
| 245 | _cJoseph Lam, Kieran James, and Jenny Kwai-Sim Leung | ||
| 260 | _c2011 | ||
| 650 | _xBusiness | ||
| 856 | _uhttp://ro.uow.edu.au/aabfj/vol6/iss2/7/ | ||
| 999 |
_c309831 _d309831 |
||